Music Quiz

Random Music or Album Quiz

Greatest Albums: Name Any Song Quiz Stats

 Plays Quiz Updated May 23, 2016

Challenge
Share
Tweet
Score 0/20 Timer 08:00
3 Plays Today
% Correct
Thriller (1982)
98.1%
Nevermind (1991)
86.7%
Are You Experienced (1967)
77.4%
Sgt. Pepper's Lonely Hearts Club Band (1967)
75.5%
London Calling (1979)
71.2%
The Great Twenty-Eight (1982)
57.8%
Born to Run (1975)
57.5%
The Joshua Tree
55.4%
Rumours (1977)
54.3%
What's Going On (1971)
54.2%
% Correct
Pet Sounds (1966)
51.4%
Highway 61 Revisited (1965)
46%
Who's Next (1971)
36.4%
Led Zeppelin (1969)
33.1%
The Velvet Underground & Nico (1967)
26.6%
Blue (1971)
26%
Astral Weeks (1968)
18.8%
Exile on Main St. (1972)
17.7%
Innervisions (1973)
17.6%
Kind of Blue (1959)
10.9%

You're not logged in!

Compare scores with friends on all Sporcle quizzes.
OR
Log In

You Might Also Like...

Show Comments

Extras

Top Quizzes Today


Score Distribution

Your Account Isn't Verified!

In order to create a playlist on Sporcle, you need to verify the email address you used during registration. Go to your Sporcle Settings to finish the process.

Report this User

Report this user for behavior that violates our Community Guidelines.

Details: